000 01745cam a2200457 4500
003 PE-LiUPU
005 20250731173412.0
020 _a1561793264
035 _a(Sirsi) i9781561793266
035 _a(Sirsi) 46523
035 _a(Sirsi) 46523
041 _aes
044 _aus
082 0 4 _a261.835
_bF67
110 _aFocus on the Family
245 0 3 _aEl sexo, las mentiras y... la verdad :
_bun programa para fortalecer el carácter, basado en la abstinencia /
_cFocus on the Family.
264 1 _aColorado Springs :
_bFocus on the family,
_c1994
300 _a118 páginas ;
_c28 cm.
500 _a'Guía para el maestro de' -- en cubierta
505 0 _aEl sexo, el amor y el matrimonio -- La mejor defensa es una buena ofensiva -- Relaciones buenas -- Detente y vuelve a tener el control -- El HIV y el Sida en la sociedad actual -- 2No quedaste embarazada. No te dio Sida. Entonces, ¿por qué te s
526 _aSEG42
526 _aSEG41
526 _aSEG40
526 _aSEG39
526 _aP94
526 _aP87
526 _aP86
526 _aP85
526 _aP77
526 _aP76
526 _aP35
650 1 4 _aEtica sexual para los adolescentes.
650 1 4 _aAbstinencia sexual.
942 _2ddc
_cBOOK
949 _a261.835 F67
_i64088
_lCCODEBUL1
_mBUL
_tLIBRO
_o.STAFF. Colección General
859 _q64088
_h261.835
_iF67
910 _agl
_b
_cjck
_d20111128
596 _a1
999 _a261.835 F67
_wDEWEY
_c52928
_i64088
_f2021-11-10
_g5
_lCCODEBUL1
_mBUL
_p12.00
_r0
_sY
_tBOOK
_u2015-7-6
_xTEOLOGIA
_PP35
_0COMPRA
_o.STAFF. Colección General
_d52928
980 _81
_gALBERTO SANCHEZ Responsable de Automatización